000 00587nam a22002177a 4500
003 UA-OsUOA
001 59828
007 ta
008 20090429b un ||||| |||| 00| 0 ukr d
090 _a82.09(038)
_bШ37
942 _cBK
040 _aUA-OsUOA
_bukr
_cUA-OsUOA
_dUA-OsUOA
245 _aШевченківський словник
300 _a408 с.
955 _a2
041 _aukr
080 _a82.09(038)
260 _aК.
_bГоловна редакція УРЕ
_c1978
650 7 _a82 Література. Літературознавство
_2UDC
999 _c345912
_d345912